[Event "BCF-chT 2324 (4NCL)"]
[Site "England"]
[Date "2024.02.11"]
[Round "6.4"]
[White "Ledger, Stephen C"]
[Black "Cooke, Suzie G"]
[Result "0-1"]
[WhiteElo "2014"]
[BlackElo "1925"]
[PlyCount "82"]
[EventDate "2023.11.11"]
[EventType "team-tourn"]
[EventRounds "11"]
[EventCountry "ENG"]
[SourceTitle "CB11_2024"]
[SourceDate "2024.03.13"]
[SourceVersion "1"]
[SourceVersionDate "2024.03.13"]
[SourceQuality "1"]
[WhiteTeam "Blackthorne Russia"]
[BlackTeam "Alba"]
[WhiteTeamCountry "ENG"]
[BlackTeamCountry "ENG"]

1. d4 e6 2. Nf3 d5 3. Bf4 Bd6 4. e3 Bxf4 5. exf4 Nf6 6. Nbd2 0-0 7. Bd3 c5 8. c3 cxd4 9. Nxd4 Qc7 10. g3 e5 11. fxe5 Qxe5+ 12. Qe2 Qc7 13. 0-0 Re8 14. Qf3 Bg4 15. Qg2 Nc6 16. h3 Bh5 17. N2f3 Ne4 18. Rfe1 Qb6 19. Nxc6 bxc6 20. Nd4 Qxb2 21. Nxc6 Nxc3 22. Nd4 Bg6 23. Nf5 Ne4 24. Nh4 Rac8 25. Nxg6 hxg6 26. a4 Nc3 27. Qf1 Qd2 28. Bb5 Nxb5 29. Rxe8+ Rxe8 30. Qxb5 Re1+ 31. Rxe1 Qxe1+ 32. Kg2 Qe4+ 33. Kf1 d4 34. Qb8+ Kh7 35. Qf4 Qd5 36. Ke2 Qc4+ 37. Kd2 Qc3+ 38. Kd1 f6 39. Qd2 Qa1+ 40. Ke2 Qxa4 41. h4 Qc4+ 0-1

[Event "Edinburgh She Plays To Win 2nd"]
[Site "Edinburgh"]
[Date "2023.02.17"]
[Round "5"]
[White "Motycakova, Monika"]
[Black "Cooke, Suzie G"]
[Result "1-0"]
[WhiteElo "2101"]
[BlackElo "1941"]
[PlyCount "111"]
[EventDate "2023.02.15"]
[EventType "tourn"]
[EventRounds "9"]
[EventCountry "SCO"]
[SourceTitle "CBM 212 Extra"]
[Source "ChessBase"]
[SourceDate "2023.03.31"]
[SourceVersion "1"]
[SourceVersionDate "2023.03.31"]
[SourceQuality "1"]

1. e4 e6 2. d4 d5 3. e5 c5 4. c3 Nc6 5. Nf3 Bd7 6. Be2 Qb6 7. 0-0 Nh6 8. dxc5 Bxc5 9. b4 Bf8 10. Bd3 g6 11. Qe2 a6 12. Re1 Bg7 13. Be3 Qc7 14. Bc5 Ne7 15. a4 Nef5 16. a5 Bc6 17. Nbd2 Bf8 18. Bb6 Qc8 19. h3 Bg7 20. Bc5 Bf8 21. Bxf8 Kxf8 22. g4 Ng7 23. Nd4 Bd7 24. Rac1 Qd8 25. Kg2 Ng8 26. f4 h5 27. N2f3 Rc8 28. Ng5 Ne7 29. Qe3 Nc6 30. Nb3 Ne7 31. Rf1 Bc6 32. Nd4 Bd7 33. Be2 Kg8 34. Rfd1 Nc6 35. Nb3 Ne7 36. Nc5 Bc6 37. Nf3 Qc7 38. Nd4 Be8 39. Rg1 Nc6 40. Nf3 Qe7 41. Kf2 Nxa5 42. Bd3 Nc4 43. Qd4 Bc6 44. f5 exf5 45. gxf5 gxf5 46. Bxf5 Re8 47. e6 f6 48. Bg6 Rd8 49. Bf7+ Kf8 50. Nh4 Ne5 51. Qxe5 Qxf7 52. e7+ Ke8 53. exd8Q+ Kxd8 54. Qd6+ Kc8 55. Rce1 d4 56. Rxg7 1-0

[Event "Olympiad Women-44"]
[Site "Chennai"]
[Date "2022.08.09"]
[Round "11.1"]
[White "Cooke, Suzie G"]
[Black "Ampaire, Shakira"]
[Result "1-0"]
[WhiteElo "1936"]
[BlackElo "1666"]
[PlyCount "65"]
[EventDate "2022.07.29"]
[EventType "team-swiss"]
[EventRounds "11"]
[EventCountry "IND"]
[SourceTitle "CBM 210"]
[Source "ChessBase"]
[SourceDate "2022.10.31"]
[SourceVersion "1"]
[SourceVersionDate "2022.10.31"]
[SourceQuality "1"]
[WhiteTeam "Scotland (W)"]
[BlackTeam "Uganda (W)"]
[WhiteTeamCountry "SCO"]
[BlackTeamCountry "UGA"]

1. d4 d5 2. Bf4 Nf6 3. e3 Bf5 4. c4 c6 5. Nc3 e6 6. Qb3 Qb6 7. c5 Qxb3 8. axb3 Nbd7 9. b4 Be7 10. b5 0-0 11. bxc6 bxc6 12. Ba6 Nh5 13. Bc7 Rab8 14. Bxb8 Rxb8 15. Ra2 Bc2 16. Nf3 Bb3 17. Ra1 Bc2 18. 0-0 Rxb2 19. Bc8 Nb8 20. Rxa7 Kf8 21. Ne5 Nf6 22. Rb7 Rxb7 23. Bxb7 Bd8 24. Ra1 Bc7 25. Nxc6 Nxc6 26. Bxc6 Bd3 27. Ra7 Bd8 28. Bb5 Bxb5 29. Nxb5 Ke8 30. Nd6+ Kf8 31. Rxf7+ Kg8 32. Ra7 Kf8 33. c6 1-0

[Event "Olympiad Women-44"]
[Site "Chennai"]
[Date "2022.08.08"]
[Round "10.1"]
[White "Khegay, Anjela"]
[Black "Cooke, Suzie G"]
[Result "1-0"]
[WhiteElo "2131"]
[BlackElo "1936"]
[PlyCount "117"]
[EventDate "2022.07.29"]
[EventType "team-swiss"]
[EventRounds "11"]
[EventCountry "IND"]
[SourceTitle "CBM 210"]
[Source "ChessBase"]
[SourceDate "2022.10.31"]
[SourceVersion "1"]
[SourceVersionDate "2022.10.31"]
[SourceQuality "1"]
[WhiteTeam "Singapore (W)"]
[BlackTeam "Scotland (W)"]
[WhiteTeamCountry "SIN"]
[BlackTeamCountry "SCO"]

1. d4 d5 2. c4 e6 3. Nc3 c5 4. Nf3 Nc6 5. cxd5 exd5 6. dxc5 d4 7. Na4 Bxc5 8. Nxc5 Qa5+ 9. Bd2 Qxc5 10. e3 Nf6 11. exd4 Nxd4 12. Nxd4 Qxd4 13. Bb5+ Bd7 14. Qe2+ Kf8 15. Bxd7 Qxd7 16. 0-0 Re8 17. Be3 Kg8 18. Rfd1 Qf5 19. Qc4 h6 20. Bxa7 Ng4 21. a4 Re4 22. Rd8+ Kh7 23. Rxh8+ Kxh8 24. Qc5 Qe6 25. Qc3 Rc4 26. Qd2 Qe5 27. g3 Qe4 28. Re1 Qf5 29. b3 Rc8 30. Bd4 Nf6 31. Bxf6 Qxf6 32. Qd7 Rc2 33. Qe8+ Kh7 34. Qe4+ Qg6 35. Qxb7 Rb2 36. a5 Qf6 37. Qe4+ g6 38. Qe3 Kg7 39. h4 h5 40. Rc1 Ra2 41. b4 Rb2 42. Qc5 Rb3 43. b5 Qb2 44. b6 Rb5 45. Qc3+ Qxc3 46. Rxc3 Rxa5 47. Rb3 Ra8 48. b7 Rb8 49. Kg2 Kf6 50. Kf3 Ke6 51. Kf4 f6 52. Rb6+ Ke7 53. Ke4 g5 54. Kf5 gxh4 55. gxh4 Kd7 56. Rxf6 Kc7 57. Rf7+ Kc6 58. Kg6 Rh8 59. f4 1-0

[Event "Olympiad Women-44"]
[Site "Chennai"]
[Date "2022.08.07"]
[Round "9.1"]
[White "Cooke, Suzie G"]
[Black "Miller, Rachel"]
[Result "1-0"]
[WhiteElo "1936"]
[BlackElo "1961"]
[PlyCount "95"]
[EventDate "2022.07.29"]
[EventType "team-swiss"]
[EventRounds "11"]
[EventCountry "IND"]
[SourceTitle "CBM 210"]
[Source "ChessBase"]
[SourceDate "2022.10.31"]
[SourceVersion "1"]
[SourceVersionDate "2022.10.31"]
[SourceQuality "1"]
[WhiteTeam "Scotland (W)"]
[BlackTeam "Jamaica (W)"]
[WhiteTeamCountry "SCO"]
[BlackTeamCountry "JAM"]

1. d4 d5 2. Bf4 c5 3. e3 Nc6 4. Nf3 Nf6 5. Nbd2 Qb6 6. dxc5 Qxb2 7. Rb1 Qc3 8. Bb5 g6 9. 0-0 Bg7 10. Nb3 0-0 11. Nfd4 Bd7 12. Bd3 Nxd4 13. exd4 Ne4 14. Re1 e5 15. dxe5 Ba4 16. Bxe4 dxe4 17. Rxe4 Bxb3 18. Rxb3 Qxc5 19. Rxb7 Rfd8 20. Qb1 Rac8 21. h4 Qxc2 22. Qxc2 Rxc2 23. Rxa7 h6 24. e6 fxe6 25. Rxe6 g5 26. hxg5 Rd1+ 27. Kh2 Rxf2 28. gxh6 Rxf4 29. hxg7 Rf7 30. Ree7 Rxe7 31. Rxe7 Rd3 32. a4 Rd5 33. Ra7 Rh5+ 34. Kg1 Rf5 35. a5 Rb5 36. a6 Ra5 37. Kh2 Ra3 38. g3 Kh7 39. Kh3 Kg8 40. Kg4 Ra5 41. Kf4 Kh7 42. Kg4 Kg8 43. Kh4 Kh7 44. g4 Kg8 45. g5 Rb5 46. Rb7 Ra5 47. a7 Ra1 48. Rb8+ 1-0

[Event "Olympiad Women-44"]
[Site "Chennai"]
[Date "2022.08.03"]
[Round "6.1"]
[White "Cooke, Suzie G"]
[Black "Omonova, Umida"]
[Result "0-1"]
[WhiteElo "1936"]
[BlackElo "2195"]
[PlyCount "118"]
[EventDate "2022.07.29"]
[EventType "team-swiss"]
[EventRounds "11"]
[EventCountry "IND"]
[SourceTitle "CBM 210"]
[Source "ChessBase"]
[SourceDate "2022.10.31"]
[SourceVersion "1"]
[SourceVersionDate "2022.10.31"]
[SourceQuality "1"]
[WhiteTeam "Scotland (W)"]
[BlackTeam "Uzbekistan (W)"]
[WhiteTeamCountry "SCO"]
[BlackTeamCountry "UZB"]

1. d4 d5 2. Bf4 Nf6 3. e3 c5 4. Nf3 Nc6 5. Nbd2 Bf5 6. c3 e6 7. Qb3 Qc8 8. Ne5 Nxe5 9. Bxe5 c4 10. Qd1 Be7 11. Be2 Nd7 12. Bg3 b5 13. a3 0-0 14. 0-0 a5 15. Re1 Qc6 16. Bf3 Nf6 17. Bh4 Rfe8 18. Bxf6 Bxf6 19. e4 Bg6 20. exd5 exd5 21. Nf1 Bg5 22. g3 Rxe1 23. Qxe1 Re8 24. Qd1 Bd3 25. b4 a4 26. h4 Bh6 27. Nh2 f5 28. Bg2 Re2 29. Nf3 Qe6 30. Ne5 Bd2 31. Bf1 Bxc3 32. Nxd3 Rd2 33. Qc1 Rxd3 34. Ra2 Bxd4 35. Bxd3 cxd3 36. Rd2 Bb6 37. Qd1 f4 38. Rxd3 fxg3 39. Rxg3 g6 40. Qf3 d4 41. Rg4 d3 42. Rf4 Qd6 43. Rf6 Qd8 44. Rxb6 Qxb6 45. Qxd3 Qc6 46. Qd8+ Kf7 47. Qg5 Qc4 48. h5 Qd3 49. Qf4+ Ke6 50. h6 Qf5 51. Qe3+ Kf6 52. f4 Qd5 53. Qc3+ Kf5 54. Qg7 Qd1+ 55. Kg2 Qe2+ 56. Kg1 Kg4 57. Qxh7 Kh3 58. Qd7+ Kg3 59. Qd4 Qg2# 0-1

[Event "UK-ch blitz (Women) op"]
[Site "Solihull"]
[Date "2018.12.01"]
[Round "2"]
[White "Cooke, Suzie G"]
[Black "Orlovska, Madara"]
[Result "0-1"]
[WhiteElo "1944"]
[BlackElo "2080"]
[PlyCount "124"]
[EventDate "2018.12.01"]
[EventType "tourn (blitz)"]
[EventRounds "15"]
[EventCountry "ENG"]
[SourceTitle "EXT 2020"]
[Source "ChessBase"]
[SourceDate "2019.10.17"]
[SourceVersion "1"]
[SourceVersionDate "2019.10.17"]
[SourceQuality "1"]

1. d4 Nf6 2. Bf4 g6 3. e3 Bg7 4. Nf3 0-0 5. Nbd2 d6 6. Be2 Nfd7 7. c3 e5 8. dxe5 dxe5 9. Bg3 Nc6 10. e4 a6 11. 0-0 Re8 12. Qb3 Nf8 13. Bh4 Qd7 14. Rad1 Qe6 15. Bc4 Na5 16. Bxe6 Nxb3 17. Bxb3 b5 18. a4 h6 19. c4 b4 20. c5 Ne6 21. c6 a5 22. Nc4 Ba6 23. Rfe1 Nc5 24. Ba2 b3 25. Bxb3 Nxb3 26. Ncxe5 Bxe5 27. Nxe5 Rxe5 28. Rd7 Rc8 29. f4 Rc5 30. e5 Rxc6 31. Rd5 Bc4 32. Rd7 Be6 33. Rd8+ Rxd8 34. Bxd8 Rc1 35. Rxc1 Nxc1 36. Bxc7 Bb3 37. Bxa5 Bxa4 38. Bc3 Ne2+ 39. Kf2 Nxc3 40. bxc3 Kf8 41. Ke3 Ke7 42. Kd4 Kd7 43. g4 Bd1 44. h3 Bf3 45. f5 g5 46. c4 Bg2 47. f6 Bxh3 48. c5 Bxg4 49. Ke4 Be6 50. Kf3 Kc6 51. Kg3 Kxc5 52. Kf3 Kd4 53. Kg3 Kxe5 54. Kf3 Kxf6 55. Ke4 h5 56. Kf3 h4 57. Kg2 Kf5 58. Kf3 g4+ 59. Kf2 Bd5 60. Kg1 g3 61. Kf1 h3 62. Kg1 h2+ 0-1

[Event "UK-ch blitz (Women) op"]
[Site "Solihull"]
[Date "2018.12.01"]
[Round "6"]
[White "Cooke, Suzie G"]
[Black "Steil Antoni, Fiona"]
[Result "0-1"]
[WhiteElo "1944"]
[BlackElo "2055"]
[PlyCount "139"]
[EventDate "2018.12.01"]
[EventType "tourn (blitz)"]
[EventRounds "15"]
[EventCountry "ENG"]
[SourceTitle "EXT 2020"]
[Source "ChessBase"]
[SourceDate "2019.10.17"]
[SourceVersion "1"]
[SourceVersionDate "2019.10.17"]
[SourceQuality "1"]

1. d4 d6 2. Bf4 f5 3. Nf3 Nf6 4. h3 e6 5. e3 Be7 6. Bd3 0-0 7. Nbd2 Qe8 8. c4 Nc6 9. Qb3 Kh8 10. d5 Nd8 11. dxe6 Bxe6 12. Nd4 g6 13. Nxe6 Nxe6 14. Bh2 Nc5 15. Qc2 Bd8 16. 0-0 Nfd7 17. Be2 Bf6 18. Rad1 Ne5 19. b4 Ne6 20. Nb3 Bg7 21. Nd4 a6 22. Nxe6 Qxe6 23. c5 d5 24. Rd2 c6 25. a4 Bh6 26. Rdd1 f4 27. exf4 Bxf4 28. Bxf4 Rxf4 29. Qd2 Raf8 30. b5 axb5 31. axb5 Qf6 32. Qe3 Re4 33. Qd2 Re8 34. bxc6 bxc6 35. Bd3 Rd4 36. Qb2 Rf4 37. Bb1 Qg5 38. Rde1 Kg8 39. Kh1 Re7 40. Qb8+ Kg7 41. Qb2 Qf6 42. g3 Rc4 43. Kg2 Rxc5 44. Qd4 Rc4 45. Qb2 Qf3+ 46. Kg1 Qf6 47. Kg2 Rc5 48. Re3 Rb5 49. Qc3 Rbb7 50. Bc2 Nc4 51. Qxf6+ Kxf6 52. Rf3+ Kg7 53. Bd3 Ne5 54. Re3 Nxd3 55. Rxd3 Red7 56. Rc1 Rbc7 57. Rdc3 Rd6 58. Rc5 Kf6 59. Kf3 Ke7 60. Re1+ Kd7 61. Rc3 c5 62. Rce3 c4 63. Re7+ Kc6 64. Re8 d4 65. R1e5 d3 66. Re1 d2 67. Rd1 c3 68. Re4 Kd7 69. Ra4 c2 70. Rda1 0-1

[Event "UK-ch blitz (Women) op"]
[Site "Solihull"]
[Date "2018.12.01"]
[Round "11"]
[White "Milliet, Sophie"]
[Black "Cooke, Suzie G"]
[Result "1-0"]
[WhiteElo "2288"]
[BlackElo "1944"]
[PlyCount "85"]
[EventDate "2018.12.01"]
[EventType "tourn (blitz)"]
[EventRounds "15"]
[EventCountry "ENG"]
[SourceTitle "EXT 2020"]
[Source "ChessBase"]
[SourceDate "2019.10.17"]
[SourceVersion "1"]
[SourceVersionDate "2019.10.17"]
[SourceQuality "1"]

1. e4 e6 2. d4 d5 3. Nc3 Nf6 4. e5 Nfd7 5. f4 c5 6. Nf3 Nc6 7. Be3 cxd4 8. Nxd4 Bb4 9. Be2 Qa5 10. 0-0 Bxc3 11. bxc3 Qxc3 12. Rf3 Qa5 13. Rg3 g6 14. Nb5 0-0 15. Bd3 f5 16. h4 Kh8 17. h5 Rg8 18. Nd6 Rg7 19. hxg6 Rxg6 20. Rh3 Nf8 21. Qh5 Bd7 22. Nf7+ Kg7 23. Ng5 h6 24. Nf3 Nb4 25. Nh4 Be8 26. Nxg6 Bxg6 27. Qxh6+ Kf7 28. Qh4 Nd7 29. Qg3 Nxd3 30. cxd3 Qc3 31. Rd1 d4 32. Bf2 Qc2 33. Re1 Rc8 34. Rh6 Rg8 35. Bxd4 Qd2 36. Bf2 Qxa2 37. Qe3 b6 38. Qd4 Nc5 39. Qd6 Re8 40. Qc7+ Re7 41. Qc8 Qd5 42. Rh8 Nd7 43. Qg8# 1-0

[Event "BCF-chT1a 1819 (4NCL)"]
[Site "England"]
[Date "2018.11.10"]
[Round "1.1"]
[White "Cooke, Suzie G"]
[Black "Hebden, Mark"]
[Result "0-1"]
[WhiteElo "1940"]
[BlackElo "2425"]
[PlyCount "114"]
[EventDate "2018.11.10"]
[EventType "team-tourn"]
[EventRounds "7"]
[EventCountry "ENG"]
[SourceTitle "CBM 187 Extra"]
[Source "ChessBase"]
[SourceDate "2018.11.04"]
[SourceVersion "1"]
[SourceVersionDate "2018.11.04"]
[SourceQuality "1"]
[WhiteTeam "Alba"]
[BlackTeam "Guildford"]
[WhiteTeamCountry "ENG"]
[BlackTeamCountry "ENG"]

1. d4 Nf6 2. Bf4 g6 3. Nf3 Bg7 4. Nbd2 0-0 5. e4 d5 6. e5 Ne4 7. Bd3 Nxd2 8. Qxd2 Bg4 9. Be2 c5 10. c3 cxd4 11. cxd4 Nc6 12. 0-0 Qb6 13. Rfd1 Rac8 14. Rac1 e6 15. h3 Bxf3 16. Bxf3 Rc7 17. Rc3 Rfc8 18. Be3 Bf8 19. a3 Na5 20. Rxc7 Rxc7 21. Be2 Nc4 22. Bxc4 Rxc4 23. Rc1 Qb5 24. Rc3 a5 25. a4 Qb4 26. Qc2 b5 27. axb5 Qxb5 28. b3 Rxc3 29. Qxc3 h5 30. Qc8 Qxb3 31. Bh6 Qb4 32. Qa8 h4 33. Bxf8 Qxf8 34. Qxa5 Qb8 35. Kh2 f6 36. f4 g5 37. Qc5 Kf7 38. Qc1 Qb3 39. Qc7+ Kg6 40. exf6 Qg3+ 41. Kh1 Kxf6 42. fxg5+ Qxg5 43. Kh2 Kg6 44. Qb8 Kg7 45. Qd6 Qf6 46. Qc5 Qf4+ 47. Kh1 Kg6 48. Qb6 Qc1+ 49. Kh2 Kf5 50. Qa7 Qf4+ 51. Kh1 Ke4 52. Qg7 Ke3 53. Qg6 Qf1+ 54. Kh2 Qf5 55. Qg7 Qf4+ 56. Kh1 Kf2 57. Qh8 Qc1+ 0-1

[Event "Ayr op"]
[Site "Ayr"]
[Date "2018.05.26"]
[Round "3"]
[White "Cooke, Suzie G"]
[Black "Sanger, Jake M"]
[Result "1-0"]
[WhiteElo "1928"]
[BlackElo "1862"]
[PlyCount "69"]
[EventDate "2018.05.25"]
[EventType "swiss"]
[EventRounds "5"]
[EventCountry "SCO"]
[SourceTitle "CBM 184 Extra"]
[Source "ChessBase"]
[SourceDate "2018.06.28"]
[SourceVersion "1"]
[SourceVersionDate "2018.06.28"]
[SourceQuality "1"]

1. d4 Nf6 2. Bf4 g6 3. Nf3 Bg7 4. e3 0-0 5. Nbd2 d5 6. Bd3 c5 7. c3 Nc6 8. Ne5 Nh5 9. Bg3 Nxg3 10. Nxc6 bxc6 11. hxg3 cxd4 12. exd4 c5 13. dxc5 Qc7 14. Nb3 e5 15. Bb5 Bb7 16. Qf3 Rac8 17. Qd3 d4 18. cxd4 exd4 19. Kf1 Rfd8 20. Rc1 Bd5 21. Bc4 Bc6 22. Rh4 Bd5 23. Bxd5 Rxd5 24. Rc4 f5 25. Nxd4 Bf6 26. Rf4 Be5 27. Qe3 Bxf4 28. Qe6+ Kh8 29. Qxd5 Rd8 30. Qe6 Be5 31. Nc6 Bxb2 32. Nxd8 Qxd8 33. Qd6 Qg8 34. Rc2 Bg7 35. c6 1-0

[Event "Bridgend South Wales op"]
[Site "Bridgend"]
[Date "2018.01.06"]
[Round "3"]
[White "Cooke, Suzie G"]
[Black "Jukes, Sam"]
[Result "1-0"]
[WhiteElo "1954"]
[BlackElo "1740"]
[PlyCount "27"]
[EventDate "2018.01.05"]
[EventType "swiss"]
[EventRounds "5"]
[EventCountry "WLS"]
[SourceTitle "CBM 182 Extra"]
[Source "ChessBase"]
[SourceDate "2018.02.23"]
[SourceVersion "1"]
[SourceVersionDate "2018.02.23"]
[SourceQuality "1"]

1. d4 Nf6 2. Bf4 d5 3. e3 e6 4. Bd3 Bd6 5. Bg3 0-0 6. Nf3 b6 7. Nbd2 Bxg3 8. hxg3 c5 9. c3 Nc6 10. Ne5 Bb7 11. Bxh7+ Kh8 12. Bg6+ Kg8 13. Bxf7+ Rxf7 14. Ng6 1-0

[Event "North Wales op"]
[Site "Llandudno"]
[Date "2017.07.02"]
[Round "5"]
[White "Cooke, Suzie G"]
[Black "Camp, Imogen AL"]
[Result "1/2-1/2"]
[WhiteElo "1957"]
[BlackElo "1802"]
[PlyCount "175"]
[EventDate "2017.06.30"]
[EventType "swiss"]
[EventRounds "5"]
[EventCountry "WLS"]
[SourceTitle "EXT 2019"]
[Source "ChessBase"]
[SourceDate "2018.10.10"]
[SourceVersion "1"]
[SourceVersionDate "2018.10.10"]
[SourceQuality "1"]

1. d4 e6 2. Nf3 Nf6 3. Bf4 d5 4. e3 Bd6 5. Bg3 c5 6. c3 0-0 7. Bd3 Nc6 8. Nbd2 a6 9. a4 b6 10. 0-0 Bxg3 11. hxg3 Qc7 12. e4 cxd4 13. cxd4 Nb4 14. e5 Nxd3 15. exf6 e5 16. fxg7 Kxg7 17. Nxe5 Nxe5 18. dxe5 Qxe5 19. Nf3 Qxb2 20. Qxd5 Be6 21. Qg5+ Kh8 22. Rab1 Qg7 23. Rxb6 Rab8 24. Rfb1 Rxb6 25. Rxb6 Qa1+ 26. Kh2 Qxa4 27. Qh6 Kg8 28. Ng5 Bf5 29. Rxa6 Qc4 30. Qf6 Qg4 31. Nf3 Qh5+ 32. Nh4 Bg6 33. Rd6 Re8 34. f4 Be4 35. Rd8 Bc6 36. Rxe8+ Bxe8 37. f5 h6 38. Kh3 Qg5 39. Qxg5+ hxg5 40. Nf3 Bd7 41. Kg4 f6 42. Nd4 Kf7 43. Kh5 Bc8 44. Kh6 Bb7 45. Nf3 g4 46. Nh4 Ba6 47. Kh5 Be2 48. Ng6 Bd1 49. Nf4 Kg7 50. Ne6+ Kf7 51. Nf4 Kg7 52. Nd5 Be2 53. Ne3 Kf7 54. Nxg4 Kg7 55. Kh4 Bd3 56. Ne3 Be4 57. g4 Kh6 58. g3 Bf3 59. Nc4 Bd5 60. Nd6 Bc6 61. Nc8 Bb7 62. Ne7 Be4 63. Nc8 Bb7 64. Nd6 Bc6 65. Kh3 Kg7 66. Kh2 Kh6 67. Nf7+ Kg7 68. Nd8 Bf3 69. Ne6+ Kh6 70. Kh3 Be4 71. g5+ fxg5 72. g4 Bd5 73. Nd4 Kg7 74. Kg3 Kf6 75. Kf2 Ke5 76. Ke3 Ba2 77. Nf3+ Kf6 78. Nd2 Ke5 79. Ne4 Bb1 80. f6 Ke6 81. Nxg5+ Kxf6 82. Kf4 Bd3 83. Nf3 Be2 84. g5+ Kg7 85. Ne5 Bh5 86. Kf5 Bd1 87. Nd7 Bc2+ 88. Ke6 1/2-1/2